Lý thuyết mờ và ứng dụng

Giới thiệu lý thuyết mờ, lý thuyết tập mờ, quan hệ mờ, số học mờ, lý thuyết độ do mờ, logic mờ... và những ứng dụng của nó trong điều khiển tự động và kỹ thuật công nghiệp

Gardado en:
Detalles Bibliográficos
Autor Principal: Nguyễn, Như Phong
Formato: Libro
Idioma:Undetermined
Publicado: Hà Nội Khoa học và Kỹ thuật 2005
Những chủ đề:
Các nhãn: Engadir etiqueta
Sen Etiquetas, Sexa o primeiro en etiquetar este rexistro!
Thư viện lưu trữ: Trung tâm Học liệu Trường Đại học Cần Thơ
LEADER 00881nam a2200205Ia 4500
001 CTU_88819
008 210402s9999 xx 000 0 und d
020 |c 22500 
082 |a 511.3 
082 |b Ph431 
100 |a Nguyễn, Như Phong 
245 0 |a Lý thuyết mờ và ứng dụng 
245 0 |c Nguyễn Như Phong 
260 |a Hà Nội 
260 |b Khoa học và Kỹ thuật 
260 |c 2005 
520 |a Giới thiệu lý thuyết mờ, lý thuyết tập mờ, quan hệ mờ, số học mờ, lý thuyết độ do mờ, logic mờ... và những ứng dụng của nó trong điều khiển tự động và kỹ thuật công nghiệp 
650 |a Fuzzy sets,Fuzzy logic,Engineering mathematics 
904 |i Năm,Hải 
980 |a Trung tâm Học liệu Trường Đại học Cần Thơ